| 000 | 00711cam a2200253 4500 | ||
|---|---|---|---|
| 001 | 4109907 | ||
| 003 | OSt | ||
| 005 | 20140310181619.0 | ||
| 008 | 711004r1971 nyu 000 1 eng | ||
| 010 | _a 75159753 | ||
| 040 |
_aDLC _cDLC _dDLC |
||
| 050 | 0 | 0 |
_aPZ 7 _b.Ed22 1971 |
| 082 | 0 | 0 |
_aFIC _bEd2a 1971 |
| 100 | 1 |
_aEden, Dorothy, _d1912-1982. _918064 |
|
| 245 | 1 | 3 |
_aAn afternoon walk. / _cEden, Dorothy. |
| 250 | _a[1st American ed.] | ||
| 260 |
_aNew York, _bCoward, McCann & Geoghegan. _cc1971. |
||
| 300 |
_a242 p. _c23 cm. |
||
| 350 | _a$6.95 | ||
| 655 | 7 |
_aRomantic suspense novels. _2gsafd _92963 |
|
| 906 |
_a7 _bcbc _corignew _d2 _encip _f19 _gy-gencatlg |
||
| 942 |
_2lcc _cBK-FIC _kFIC |
||
| 999 |
_c58 _d58 |
||